Maddi uygarlık : (Kayıt no. 10360)

MARC ayrıntıları
000 -BAŞLIK
Sabit Uzunluktaki Kontrol Alanı 01163nam a22002657a 4500
003 - KONTROL NUMARASI KİMLİĞİ
Kontrol Alanı KOHA_MİRAKIL
005 - EN SON İŞLEM TARİHİ ve ZAMANI
Kontrol Alanı 20260511060130.0
008 - SABİT UZUNLUKTAKİ VERİ ÖGELERİ - GENEL BİLGİ
Sabit Alan 260507b tu ||||| |||| 00| 0 tur d
020 ## - ISBN - ULUSLARARASI STANDART KİTAP NUMARASI
Isbn 9789755333991
040 ## - KATALOGLAMA KAYNAĞI
Özgün Kataloglama Kurumu TR-AnABB
Kataloglama Dili tur
Çeviri Kurumu TR-AnABB
041 ## - DİL KODU
Metin ya da ses kaydının dil kodu tur
082 ## - DEWEY ONU SINIFLAMA SİSTEMİ
Sınıflama Numarası 909.03
Cutter numarası BRA 2004
100 1# - KİŞİ ADI
Yazar Adı (Kişi adı) Fernand, Braudel
245 10 - ESER ADI BİLDİRİMİ
Başlık Maddi uygarlık :
Alt Eseradı vb. gündelik hayatın yapıları /
Sorumluluk Bildirimi Fernand Braudel ; Fransızca aslından çeviren: Mehmet Ali Kılıçbay
246 ## - DEĞİŞİK BAŞLIK FORMU
Başlık uygun / kısa başlık Maddi uygarlık
250 ## - BASIM BİLDİRİMİ
Basım Bildirimi 3. baskı
260 ## - YAYIN, DAĞITIM, VB.
Yayın Yeri Ankara :
Yayınevi İmge Kitabevi,
Yayın Tarihi 2017
300 ## - FİZİKSEL TANIMLAMA
Sayfa, Cilt vb. 558 sayfa ;
Boyutları 20 cm.
500 ## - GENEL NOT
Genel Not Orjinal eser adı: Civilisation materielle economie et capitalisme
505 ## - İÇİNDEKİLER NOTU
İçindekiler Notu İçindekiler: Sayının ağırlığı - Gündelik ekmek - Gereğinden çok ve olağan: yiyecek ve içecekler - Gereğinden çok ve olağan: Konut, elbise ve moda - Tekniklerin yayılması: Enerji kaynakları ve maden işletmeciliği - Teknik devrimler ve gecikmeler - Para - Kentler
650 04 - KONU BAŞLIĞI EK GİRİŞ - KONU TERİMİ
Konusal terim veya coğrafi ad Uygarlık tarihi, Ortaçağ
700 1# - EK GİRİŞ - KİŞİ ADI
Yazar Adı (Kişi adı) Kılıçbay, Mehmet Ali,
İlişkili Terim çeviren
9 (RLIN) 3604
900 ## - YEREL BİLGİ
Kontrol Can ÇELIK
942 ## - EK GİRİŞ ÖGELERİ (KOHA)
Sınıflama Kaynağı Dewey Decimal Classification
Materyal Türü Kitap
Mevcut
Geri Çekilme Durumu Kayıp Durumu Sınıflandırma Kaynağı Kredi için değil Kalıcı Konum Mevcut Konum Kayıt Tarih Toplam Ödünçverme Yer Numarası Demirbaş Numarası Son Görülme Tarihi Fatura Tarihi Materyal Türü
    Dewey Decimal Classification   Prof. Dr. Ruşen Keleş Kütüphanesi Prof. Dr. Ruşen Keleş Kütüphanesi 07/05/2026   909.03 BRA 2004 RK8253 07/05/2026 07/05/2026 Kitap